00567nam a2200169 a 450000100100000000500170001000800410002702000150006804000250008308200150010810000380012324500460016126000360020730000350024350000700027850400490034800004225620201002040032.0131120s1997 sp ac 000 0 spa d a8492215038 aDO-SdBNPbspacBNPHU axxxbM281A1 aAlonso Barahona, Fernando,d1961-10aAnthony Mann /cFernando Alonso Barahona. aBarcelona :bFilm Ideal,c1997. a205 p. :bil, retrs. ;c21 cm. aIncluye datos biográficos del autor en la solapa de la cubierta aBibliografía y hemerografía : p. 173-177